| 000 | 00482 a2200157 4500 | ||
|---|---|---|---|
| 008 | 121030b xxu||||| |||| 00| 0 eng d | ||
| 020 | _a99704051131 | ||
| 050 | _aLB 41.N72 | ||
| 100 | _a Nsubuga, E.H.K. | ||
| 245 |
_aHelp yourself with edicational ideas _c E H K Nsubuga |
||
| 260 |
_c[1977] _bM K Publishers _a (Kampala) |
||
| 300 | _a iv,102p | ||
| 500 | _aincludes bibliographical references | ||
| 650 | _aEducation--Study and Teaching | General Education | ||
| 942 |
_cBK _2lcc |
||
| 999 |
_c41374 _d41374 |
||